Die torgefährlichsten Kroaten der Bundesliga Geschichte - Statistiken

Allgemein
  • Dieses Quiz wurde 230 mal gespielt
  • Das Durchschnittsergebnis liegt bei 6 aus 20
Antwortstatistiken
# Vereine Spiele Tore Antwort % Korrekt
1 TSG 1899 Hoffenheim 198 90 Andrej Kramaric
93%
2 Hamburger SVFC Bayern München VfL Wolfsburg Hertha BSC 238 72 Ivica Olic
88%
3 FC Bayern MünchenVfL Wolfsburg 110 53 Mario Mandzukic
81%
7 Borussia DortmundVfL Wolfsburg FC Bayern München 134 31 Ivan Perisic
65%
4 Hamburger SV Borussia Dortmund 128 51 Mladen Petric
57%
8 Hertha BSCFC Bayern München Bayer 04 Leverkusen Hamburger SV 241 31 Niko Kovac
41%
5 Werder Bremen1.FSV Mainz 05 154 50 Ivan Klasnic
39%
13 Eintracht Frankfurt 78 17 Ante Rebic
28%
19 FC Schalke 04 97 12 Ivan Rakitic
23%
11 1.FC KaiserslauternVfL Wolfsburg Hertha BSC Eintracht Frankfurt SC Paderborn TSG 1899 Hoffenheim 107 22 Srdjan Lakic
21%
14 VfL WolfsburgVfB Stuttgart 120 17 Josip Brekalo
14%
16 VfB Stuttgart 301 15 Zvonimir Soldo
10%
12 Hamburger SV 1.FC KaiserslauternVfL Bochum 1.FC Nürnberg 137 18 Ivo Ilicevic
9%
15 Werder Bremen 1.FC Nürnberg SC Freiburg 148 16 Ivica Banovic
5%
6 VfL WolfsburgBorussia Mönchengladbach Karlsruher SC 96 32 Tomislav Maric
5%
18 Bayer 04 LeverkusenHertha BSC 152 13 Marko Babic
4%
17 Hansa Rostock 37 13 Igor Pamic
2%
20 Hamburger SV VfL WolfsburgVfB Stuttgart MSV Duisburg 119 11 Marijan Kovacevic
2%
10 Hamburger SV 103 22 Ivan Buljan
1%
9 Hannover 96 57 30 Josip Skoblar
1%
Keine übereinstimmenden Quizze gefunden
Verteilung der Resultate
Anzahl Personen mit jedem Resultat
Perzentil nach korrekt beantworteten Fragen
Ihre Resultats-Entwicklung
Sie haben dieses Quiz noch nicht gespielt